000
00235nam a22001217a 4500
082
_a
823
_b
BRO/J
100
_a
BRONTE,CHARLOTTE
245
_a
JANE EYRE
260
_b
PEACOCK BOOKS
_c
2018
300
_a
97
650
_a
STORY
942
_c
BK
999
_c
7215
_d
7215